000 00463nam a2200181Ia 4500
001 20188
005 20260306172748.0
008 260306t2003||||xx |||||||||||||| ||spa||
041 _aESP
082 _a342.9
_bN86
100 _aNovak Talavera, Fabián
_eAUT
245 0 _aDerecho diplomático:
_bcomentarios a la convención sobre relaciones diplomáticas
260 _c2003
300 _a
_c
650 _aGEN
654 _aCDE
942 _cLIB
_dJUS
_fJUS
_2ddc
_n
999 _c20188
_d20188